| 000 | 00682nam a2200217 i 4500 | ||
|---|---|---|---|
| 001 | 115285 | ||
| 003 | ES-MaACL | ||
| 005 | 20250707062628.0 | ||
| 007 | t| | ||
| 008 | 070228s1909 sp ||||1| spa d | ||
| 080 | _a821.134.2-32"18" | ||
| 100 | 1 |
_aSerrano de la Pedrosa, Francisco. _9105747 |
|
| 245 | 1 | 3 |
_aLa broma / _cpor Serrano de la Pedrosa ; ilustraciones de Escobar. |
| 260 |
_aMadrid : _bEl Cuento Semanal, _c1909. |
||
| 300 |
_a20 p. : _bil. col. y n. ; _c26 cm. |
||
| 490 | 1 |
_aEl cuento semanal ; _v126 |
|
| 700 | 1 |
_aEscobar, Carlos _c, ilustrador. _947564 |
|
| 830 | 0 | 3 |
_aEl cuento semanal _v126 _9185957 |
| 852 |
_aES-MaACL _jG-4443(22) |
||
| 999 |
_c115285 _d115285 |
||